Programming in 3 dimensions: (Record no. 383)
[ view plain ]
| 000 -LEADER | |
|---|---|
| fixed length control field | 00727nac a22001931u 4500 |
| 020 ## - INTERNATIONAL STANDARD BOOK NUMBER | |
| International Standard Book Number | 1558512209 |
| 082 ## - DEWEY DECIMAL CLASSIFICATION NUMBER | |
| Classification number | 006.6 |
| Item number | W3351 |
| 090 ## - LOCALLY ASSIGNED LC-TYPE CALL NUMBER (OCLC); LOCAL CALL NUMBER (OCLC) | |
| -- | 383 |
| -- | 383 |
| 100 ## - MAIN ENTRY--PERSONAL NAME | |
| Personal name | Watkins, Christopher D |
| 245 ## - TITLE STATEMENT | |
| Title | Programming in 3 dimensions: |
| Remainder of title | 3-D graphics, ray tracing, and animation/ |
| Statement of responsibility, etc | Christopher D. Watkins, Larry Sharp; edited by Mark Finlay |
| 260 ## - PUBLICATION, DISTRIBUTION, ETC. (IMPRINT) | |
| Place of publication, distribution, etc | San Mateo, CA |
| Name of publisher, distributor, etc | M&T books |
| Date of publication, distribution, etc | 1992 |
| 300 ## - PHYSICAL DESCRIPTION | |
| Extent | 466p: |
| Other physical details | illus; |
| 650 ## - SUBJECT ADDED ENTRY--TOPICAL TERM | |
| Topical term or geographic name as entry element | Computer graphics |
| 650 ## - SUBJECT ADDED ENTRY--TOPICAL TERM | |
| Topical term or geographic name as entry element | C (computer program language) |
| 700 ## - ADDED ENTRY--PERSONAL NAME | |
| Personal name | Sharp, Larry |
| 700 ## - ADDED ENTRY--PERSONAL NAME | |
| Personal name | Finlay, Mark |
| 942 ## - ADDED ENTRY ELEMENTS (KOHA) | |
| Item type | Book - Borrowing |
| Call number prefix | 006.6W3351 |
| Withdrawn status | Item status | Source of classification or shelving scheme | Damaged status | Not for loan | Vendor | Home library | Current library | Shelving location | Date acquired | Source of acquisition | Cost, normal purchase price | Total Checkouts | Total Renewals | Full call number | Barcode | Date last seen | Date last borrowed | Cost, replacement price | Koha item type |
|---|---|---|---|---|---|---|---|---|---|---|---|---|---|---|---|---|---|---|---|
| Dewey Decimal Classification | Central Library | Central Library | Lower Floor | 03/04/2006 | 185.00 | 4 | 2 | 006.6 WAT | 000004251 | 15/07/2025 | 29/01/2009 | 231.25 | Book - Borrowing |